[Event "Girls U20 Polish Youth Championship"]
[Site "Ustron"]
[Date "2019.11.28"]
[Round "7"]
[White "Antolak, Julia"]
[Black "Kulpa, Zuzanna"]
[Result "1/2-1/2"]
[Board "1"]
[WhiteElo "2249"]
[WhiteTitle "WIM"]
[WhiteCountry "POL"]
[WhiteFideId "1159569"]
[WhiteEloChange "-8"]
[BlackElo "1878"]
[BlackCountry "POL"]
[BlackFideId "1195093"]
[BlackEloChange "8"]

1. e4 {[%clk 1:30:57]} e5 {[%clk 1:30:55]} 2. Nf3 {[%clk 1:31:22]} Nc6 {[%clk
1:31:19]} 3. Bb5 {[%clk 1:31:46]} a6 {[%clk 1:31:44]} 4. Ba4 {[%clk 1:32:11]} Nf6
{[%clk 1:32:07]} 5. O-O {[%clk 1:32:35]} Be7 {[%clk 1:32:29]} 6. Re1 {[%clk
1:32:59]} b5 {[%clk 1:32:52]} 7. Bb3 {[%clk 1:33:25]} d6 {[%clk 1:33:11]} 8. c3
{[%clk 1:33:45]} O-O {[%clk 1:33:32]} 9. h3 {[%clk 1:34:09]} Na5 {[%clk 1:33:56]}
10. Bc2 {[%clk 1:34:33]} c5 {[%clk 1:34:21]} 11. d4 {[%clk 1:34:57]} Qc7 {[%clk
1:34:45]} 12. Nbd2 {[%clk 1:35:11]} Bd7 {[%clk 1:34:58]} 13. Nf1 {[%clk 1:33:44]}
Nc4 {[%clk 1:35:04]} 14. d5 {[%clk 1:29:49]} Rfe8 {[%clk 1:31:22]} 15. Ng3 {[%clk
1:21:30]} Rac8 {[%clk 1:27:09]} 16. Nh2 {[%clk 1:18:02]} Ra8 {[%clk 1:21:52]} 17.
Rf1 {[%clk 1:10:11]} a5 {[%clk 1:19:37]} 18. a4 {[%clk 1:06:28]} Reb8 {[%clk
1:14:33]} 19. Bd3 {[%clk 1:02:20]} Nb6 {[%clk 1:11:22]} 20. Bxb5 {[%clk 1:00:41]}
Bxb5 {[%clk 1:11:39]} 21. axb5 {[%clk 1:01:09]} c4 {[%clk 1:11:50]} 22. f4 {[%clk
0:59:37]} Nbd7 {[%clk 1:01:20]} 23. Nf5 {[%clk 0:50:38]} Bf8 {[%clk 1:00:01]} 24.
fxe5 {[%clk 0:40:11]} Nxe5 {[%clk 0:52:52]} 25. Nd4 {[%clk 0:32:29]} Nxe4 {[%clk
0:50:14]} 26. Qe1 {[%clk 0:21:23]} Nf6 {[%clk 0:47:31]} 27. Rxf6 {[%clk 0:17:44]}
gxf6 {[%clk 0:47:35]} 28. Qh4 {[%clk 0:16:49]} Ng6 {[%clk 0:42:09]} 29. Qh5
{[%clk 0:13:12]} Kh8 {[%clk 0:26:21]} 30. Ng4 {[%clk 0:09:33]} Bg7 {[%clk
0:24:10]} 31. Nf5 {[%clk 0:07:37]} Rg8 {[%clk 0:19:27]} 32. Bh6 {[%clk 0:05:16]}
Bxh6 {[%clk 0:18:26]} 33. Qxh6 {[%clk 0:03:55]} Qd8 {[%clk 0:15:42]} 34. Rf1
{[%clk 0:03:49]} Nf8 {[%clk 0:12:42]} 35. Qf4 {[%clk 0:01:58]} Ng6 {[%clk
0:10:59]} 36. Qh6 {[%clk 0:02:14]} Nf8 {[%clk 0:11:11]} 37. Qf4 {[%clk 0:02:26]}
Ng6 {[%clk 0:10:56]} 38. Qd4 {[%clk 0:01:32]} Ne5 {[%clk 0:10:39]} 39. Nfh6
{[%clk 0:01:22]} Rg6 {[%clk 0:04:36]} 40. Kh1 {[%clk 0:31:27]} 1/2-1/2

[Event "Girls U20 Polish Youth Championship"]
[Site "Ustron"]
[Date "2019.11.28"]
[Round "7"]
[White "Kubicka, Anna"]
[Black "Dylag, Emilia"]
[Result "1-0"]
[Board "2"]
[WhiteElo "2221"]
[WhiteTitle "WIM"]
[WhiteCountry "POL"]
[WhiteFideId "1152254"]
[WhiteEloChange "5"]
[BlackElo "2046"]
[BlackCountry "POL"]
[BlackFideId "21805172"]
[BlackEloChange "-5"]

1. e4 {[%clk 1:30:49]} c5 {[%clk 1:30:51]} 2. Nf3 {[%clk 1:31:14]} d6 {[%clk
1:31:11]} 3. Bb5+ {[%clk 1:31:38]} Nd7 {[%clk 1:31:28]} 4. O-O {[%clk 1:32:00]}
Nf6 {[%clk 1:30:36]} 5. Re1 {[%clk 1:32:17]} a6 {[%clk 1:29:35]} 6. Bf1 {[%clk
1:32:40]} e6 {[%clk 1:26:35]} 7. c3 {[%clk 1:32:56]} b5 {[%clk 1:23:01]} 8. a4
{[%clk 1:31:39]} Bb7 {[%clk 1:22:27]} 9. d3 {[%clk 1:26:02]} Be7 {[%clk 1:18:56]}
10. axb5 {[%clk 1:23:50]} axb5 {[%clk 1:19:17]} 11. Rxa8 {[%clk 1:24:16]} Qxa8
{[%clk 1:16:02]} 12. Na3 {[%clk 1:24:27]} Bc6 {[%clk 1:15:51]} 13. d4 {[%clk
1:11:18]} Bxe4 {[%clk 0:58:22]} 14. Ng5 {[%clk 1:10:47]} Bc6 {[%clk 0:46:47]} 15.
dxc5 {[%clk 1:10:54]} Nxc5 {[%clk 0:45:23]} 16. Nxb5 {[%clk 1:10:51]} O-O {[%clk
0:44:20]} 17. Nd4 {[%clk 1:09:15]} h6 {[%clk 0:40:05]} 18. Nxc6 {[%clk 1:08:34]}
Qxc6 {[%clk 0:40:30]} 19. Nf3 {[%clk 1:08:51]} Nce4 {[%clk 0:36:44]} 20. Nd4
{[%clk 1:07:58]} Qb6 {[%clk 0:35:31]} 21. f3 {[%clk 1:05:17]} Nc5 {[%clk
0:34:06]} 22. Kh1 {[%clk 1:04:54]} Rc8 {[%clk 0:30:53]} 23. Nf5 {[%clk 0:52:57]}
Bf8 {[%clk 0:29:57]} 24. Ng3 {[%clk 0:53:21]} d5 {[%clk 0:26:35]} 25. Qd4 {[%clk
0:51:50]} Ncd7 {[%clk 0:25:16]} 26. Qh4 {[%clk 0:49:09]} Bd6 {[%clk 0:21:52]} 27.
Ne2 {[%clk 0:34:10]} e5 {[%clk 0:15:52]} 28. Ng3 {[%clk 0:33:34]} Bc5 {[%clk
0:13:48]} 29. Qh3 {[%clk 0:32:44]} Re8 {[%clk 0:12:27]} 30. Nf5 {[%clk 0:30:16]}
Bf8 {[%clk 0:10:06]} 31. Bd3 {[%clk 0:24:52]} e4 {[%clk 0:07:49]} 32. fxe4 {[%clk
0:24:51]} dxe4 {[%clk 0:07:47]} 33. Be2 {[%clk 0:24:43]} Qf2 {[%clk 0:07:23]} 34.
Bd2 {[%clk 0:21:46]} e3 {[%clk 0:07:10]} 35. Nxe3 {[%clk 0:21:19]} Bc5 {[%clk
0:00:36]} 36. Nd1 {[%clk 0:18:59]} Qxe2 {[%clk 0:00:42]} 37. Rxe2 {[%clk
0:19:25]} Rxe2 {[%clk 0:01:07]} 38. Qd3 {[%clk 0:19:21]} Re6 {[%clk 0:01:14]} 39.
h3 {[%clk 0:18:46]} Rd6 {[%clk 0:01:13]} 40. Qe2 {[%clk 0:47:59]} Re6 {[%clk
0:30:40]} 41. Qf3 {[%clk 0:48:00]} Ne4 {[%clk 0:26:00]} 42. Be3 {[%clk 0:42:56]}
Bxe3 {[%clk 0:20:49]} 43. Nxe3 {[%clk 0:41:20]} Ng5 {[%clk 0:20:30]} 44. Qa8+
{[%clk 0:37:34]} Kh7 {[%clk 0:20:39]} 45. Qd5 {[%clk 0:36:45]} Nf6 {[%clk
0:19:08]} 46. Qd3+ {[%clk 0:36:55]} g6 {[%clk 0:18:20]} 47. Kh2 {[%clk 0:36:37]}
Nh5 {[%clk 0:15:23]} 48. Nd5 {[%clk 0:33:15]} f5 {[%clk 0:10:23]} 49. b4 {[%clk
0:30:33]} f4 {[%clk 0:06:23]} 50. h4 {[%clk 0:25:57]} Ne4 {[%clk 0:06:14]} 51.
Nc7 {[%clk 0:24:31]} Re7 {[%clk 0:06:09]} 52. Qd8 {[%clk 0:23:12]} Re5 {[%clk
0:04:16]} 53. Qd7+ {[%clk 0:22:07]} Kg8 {[%clk 0:03:34]} 54. Nd5 {[%clk 0:13:04]}
Nef6 {[%clk 0:01:57]} 55. Nxf6+ {[%clk 0:12:50]} Nxf6 {[%clk 0:02:21]} 56. Qc8+
{[%clk 0:13:09]} Kg7 {[%clk 0:02:02]} 57. Qc7+ {[%clk 0:12:57]} Kg8 {[%clk
0:02:23]} 58. Kg1 {[%clk 0:13:13]} Re8 {[%clk 0:01:33]} 59. Qc4+ {[%clk 0:13:31]}
Kg7 {[%clk 0:01:45]} 60. Qc7+ {[%clk 0:13:04]} Kg8 {[%clk 0:02:05]} 61. Qxf4
{[%clk 0:13:20]} Kg7 {[%clk 0:01:29]} 62. b5 {[%clk 0:12:47]} h5 {[%clk 0:01:48]}
63. Qd2 {[%clk 0:11:47]} Ra8 {[%clk 0:01:25]} 64. g3 {[%clk 0:11:43]} 1-0

[Event "Girls U20 Polish Youth Championship"]
[Site "Ustron"]
[Date "2019.11.28"]
[Round "7"]
[White "Kiolbasa, Oliwia"]
[Black "Dwilewicz, Katarzyna"]
[Result "1-0"]
[Board "3"]
[WhiteElo "2208"]
[WhiteTitle "WIM"]
[WhiteCountry "POL"]
[WhiteFideId "1154613"]
[WhiteEloChange "7"]
[BlackElo "2100"]
[BlackTitle "WFM"]
[BlackCountry "POL"]
[BlackFideId "1148486"]
[BlackEloChange "-7"]

1. e4 {[%clk 1:30:57]} e5 {[%clk 1:30:54]} 2. Nf3 {[%clk 1:31:19]} Nc6 {[%clk
1:31:17]} 3. Bb5 {[%clk 1:31:41]} a6 {[%clk 1:31:40]} 4. Ba4 {[%clk 1:32:06]} Nf6
{[%clk 1:32:02]} 5. O-O {[%clk 1:32:25]} Be7 {[%clk 1:32:26]} 6. Re1 {[%clk
1:32:38]} b5 {[%clk 1:32:47]} 7. Bb3 {[%clk 1:33:01]} d6 {[%clk 1:33:10]} 8. c3
{[%clk 1:33:21]} O-O {[%clk 1:33:06]} 9. h3 {[%clk 1:33:42]} Rb8 {[%clk 1:29:41]}
10. d4 {[%clk 1:30:52]} exd4 {[%clk 1:28:01]} 11. cxd4 {[%clk 1:29:19]} d5 {[%clk
1:27:21]} 12. e5 {[%clk 1:21:06]} Ne4 {[%clk 1:27:14]} 13. Nbd2 {[%clk 1:17:49]}
Bf5 {[%clk 1:25:54]} 14. Bc2 {[%clk 1:10:34]} Nb4 {[%clk 1:23:26]} 15. Bb1 {[%clk
1:03:26]} c5 {[%clk 1:22:46]} 16. Nxe4 {[%clk 1:00:36]} dxe4 {[%clk 1:23:04]} 17.
Bxe4 {[%clk 1:00:45]} Bxe4 {[%clk 1:23:27]} 18. Rxe4 {[%clk 1:01:06]} c4 {[%clk
1:23:09]} 19. Re2 {[%clk 0:35:29]} Nd3 {[%clk 1:09:26]} 20. Be3 {[%clk 0:35:11]}
Bb4 {[%clk 1:08:01]} 21. Rc2 {[%clk 0:22:57]} Qd5 {[%clk 1:06:27]} 22. Bd2 {[%clk
0:21:59]} Be7 {[%clk 1:01:46]} 23. a3 {[%clk 0:19:24]} Ra8 {[%clk 0:52:43]} 24.
Be3 {[%clk 0:15:18]} Rfd8 {[%clk 0:49:51]} 25. Qe2 {[%clk 0:15:29]} a5 {[%clk
0:47:39]} 26. Ne1 {[%clk 0:15:26]} Qe4 {[%clk 0:45:13]} 27. Rd2 {[%clk 0:12:58]}
Nxe1 {[%clk 0:37:23]} 28. Rxe1 {[%clk 0:13:16]} Rac8 {[%clk 0:37:21]} 29. Rc1
{[%clk 0:11:36]} a4 {[%clk 0:35:19]} 30. Rdc2 {[%clk 0:06:59]} Rd5 {[%clk
0:34:32]} 31. Qg4 {[%clk 0:04:58]} Qxg4 {[%clk 0:34:29]} 32. hxg4 {[%clk
0:05:26]} Bd8 {[%clk 0:34:26]} 33. Kf1 {[%clk 0:05:04]} Bb6 {[%clk 0:32:59]} 34.
Rd1 {[%clk 0:05:24]} Rcd8 {[%clk 0:32:56]} 35. Ke2 {[%clk 0:05:26]} f6 {[%clk
0:23:18]} 36. exf6 {[%clk 0:02:43]} gxf6 {[%clk 0:23:21]} 37. Rcd2 {[%clk
0:03:10]} Rc8 {[%clk 0:09:03]} 38. Rc2 {[%clk 0:03:01]} Kf7 {[%clk 0:08:20]} 39.
Rh1 {[%clk 0:01:57]} Ke6 {[%clk 0:05:45]} 40. Rxh7 {[%clk 0:30:47]} Bxd4 {[%clk
0:35:18]} 41. Bxd4 {[%clk 0:13:40]} Rxd4 {[%clk 0:35:41]} 42. Rh5 {[%clk
0:14:03]} Rb8 {[%clk 0:14:07]} 43. f3 {[%clk 0:13:28]} Rd3 {[%clk 0:13:44]} 44.
Rc3 {[%clk 0:11:29]} Rd5 {[%clk 0:12:13]} 45. Re3+ {[%clk 0:10:28]} Kd6 {[%clk
0:11:15]} 46. Rxd5+ {[%clk 0:09:13]} Kxd5 {[%clk 0:11:38]} 47. Kd2 {[%clk
0:09:40]} Rh8 {[%clk 0:07:44]} 48. Kc3 {[%clk 0:08:48]} Rh1 {[%clk 0:06:51]} 49.
Re2 {[%clk 0:05:13]} Rc1+ {[%clk 0:04:35]} 50. Kd2 {[%clk 0:05:34]} Rb1 {[%clk
0:04:38]} 51. Kc2 {[%clk 0:05:15]} Rf1 {[%clk 0:04:33]} 52. Kd2 {[%clk 0:03:59]}
Kd4 {[%clk 0:03:34]} 53. Re4+ {[%clk 0:04:10]} Kd5 {[%clk 0:04:00]} 54. Rf4
{[%clk 0:03:01]} Ke5 {[%clk 0:03:36]} 55. g3 {[%clk 0:02:23]} Rg1 {[%clk
0:03:35]} 56. Ke3 {[%clk 0:02:12]} Rb1 {[%clk 0:02:23]} 57. Rf5+ {[%clk 0:02:11]}
Ke6 {[%clk 0:02:52]} 58. Rxb5 {[%clk 0:02:21]} c3 {[%clk 0:03:19]} 59. Kd3 {[%clk
0:02:08]} cxb2 {[%clk 0:03:28]} 60. Kc2 {[%clk 0:02:23]} Rg1 {[%clk 0:02:50]} 61.
Kxb2 {[%clk 0:02:15]} Rxg3 {[%clk 0:02:56]} 62. Rf5 {[%clk 0:01:56]} Rg1 {[%clk
0:02:48]} 63. Rf4 {[%clk 0:02:05]} Rf1 {[%clk 0:00:38]} 64. Kc3 {[%clk 0:01:49]}
Ke5 {[%clk 0:00:38]} 65. Rf5+ {[%clk 0:02:05]} Ke6 {[%clk 0:01:03]} 66. Kb4
{[%clk 0:02:30]} Rb1+ {[%clk 0:00:56]} 67. Kxa4 {[%clk 0:02:55]} Rb2 {[%clk
0:00:49]} 68. Ka5 {[%clk 0:03:14]} Rb3 {[%clk 0:01:13]} 69. a4 {[%clk 0:03:34]}
Ke7 {[%clk 0:01:38]} 70. Ka6 {[%clk 0:03:24]} Ke6 {[%clk 0:01:49]} 71. a5 {[%clk
0:03:48]} Ke7 {[%clk 0:02:15]} 72. Ka7 {[%clk 0:03:54]} Ke6 {[%clk 0:02:40]} 73.
a6 {[%clk 0:04:21]} Ke7 {[%clk 0:03:07]} 74. Ka8 {[%clk 0:04:23]} Ke6 {[%clk
0:03:29]} 75. a7 {[%clk 0:04:22]} Ke7 {[%clk 0:03:44]} 76. Rh5 {[%clk 0:04:04]}
Ke6 {[%clk 0:03:06]} 77. Rh8 {[%clk 0:02:11]} Rxf3 {[%clk 0:03:14]} 78. Kb7
{[%clk 0:02:30]} 1-0

[Event "Girls U20 Polish Youth Championship"]
[Site "Ustron"]
[Date "2019.11.28"]
[Round "7"]
[White "Cieslak, Wiktoria"]
[Black "Goraj, Barbara"]
[Result "1-0"]
[Board "4"]
[WhiteElo "2039"]
[WhiteCountry "POL"]
[WhiteFideId "1160036"]
[WhiteEloChange "10"]
[BlackElo "2044"]
[BlackTitle "WCM"]
[BlackCountry "POL"]
[BlackFideId "21816166"]
[BlackEloChange "-10"]

1. e4 {[%clk 1:30:58]} c5 {[%clk 1:30:54]} 2. Nf3 {[%clk 1:31:23]} Nc6 {[%clk
1:31:16]} 3. d4 {[%clk 1:31:45]} cxd4 {[%clk 1:31:38]} 4. Nxd4 {[%clk 1:32:12]}
Nf6 {[%clk 1:31:54]} 5. Nc3 {[%clk 1:31:58]} d6 {[%clk 1:32:02]} 6. Bg5 {[%clk
1:32:20]} e6 {[%clk 1:32:10]} 7. f4 {[%clk 1:32:39]} h6 {[%clk 1:31:45]} 8. Bh4
{[%clk 1:32:58]} Be7 {[%clk 1:30:57]} 9. Bf2 {[%clk 1:31:53]} O-O {[%clk
1:29:22]} 10. Nb3 {[%clk 1:16:43]} a6 {[%clk 1:21:11]} 11. Qf3 {[%clk 1:15:41]}
Qc7 {[%clk 1:15:45]} 12. O-O-O {[%clk 1:12:59]} b5 {[%clk 1:11:23]} 13. g4 {[%clk
1:06:28]} Bb7 {[%clk 1:02:57]} 14. Bd3 {[%clk 1:01:41]} Nb4 {[%clk 0:54:27]} 15.
Kb1 {[%clk 0:59:41]} Rac8 {[%clk 0:30:31]} 16. Rc1 {[%clk 0:57:02]} d5 {[%clk
0:24:55]} 17. e5 {[%clk 0:54:02]} Nd7 {[%clk 0:21:42]} 18. h4 {[%clk 0:49:41]} f6
{[%clk 0:20:16]} 19. Nd4 {[%clk 0:43:15]} Nc5 {[%clk 0:18:52]} 20. Qe3 {[%clk
0:37:22]} Nc6 {[%clk 0:15:01]} 21. exf6 {[%clk 0:36:27]} Rxf6 {[%clk 0:12:31]}
22. g5 {[%clk 0:31:41]} Nxd4 {[%clk 0:12:33]} 23. gxf6 {[%clk 0:30:55]} Bxf6
{[%clk 0:12:56]} 24. Ne2 {[%clk 0:27:29]} Nxe2 {[%clk 0:11:15]} 25. Qxe2 {[%clk
0:27:39]} Qd6 {[%clk 0:10:10]} 26. Bxc5 {[%clk 0:25:50]} Rxc5 {[%clk 0:10:22]}
27. Rhg1 {[%clk 0:25:31]} Rc7 {[%clk 0:07:03]} 28. Qh5 {[%clk 0:24:45]} Kf8
{[%clk 0:06:48]} 29. c3 {[%clk 0:17:45]} b4 {[%clk 0:06:11]} 30. Rg6 {[%clk
0:13:57]} Qe7 {[%clk 0:03:25]} 31. Qe2 {[%clk 0:07:59]} bxc3 {[%clk 0:03:10]} 32.
b3 {[%clk 0:08:11]} a5 {[%clk 0:02:30]} 33. Re1 {[%clk 0:06:17]} Qa3 {[%clk
0:01:53]} 34. Qc2 {[%clk 0:06:35]} Bc8 {[%clk 0:01:21]} 35. Qc1 {[%clk 0:04:44]}
Qb4 {[%clk 0:00:56]} 36. f5 {[%clk 0:04:03]} c2+ {[%clk 0:00:34]} 37. Bxc2 {[%clk
0:04:31]} Qc3 {[%clk 0:00:28]} 38. Rxf6+ {[%clk 0:04:39]} Qxf6 {[%clk 0:00:32]}
39. fxe6 {[%clk 0:05:02]} Ke7 {[%clk 0:00:32]} 40. Qa3+ {[%clk 0:31:10]} Ke8
{[%clk 0:30:39]} 41. Qa4+ {[%clk 0:31:06]} Ke7 {[%clk 0:25:35]} 42. Qxa5 {[%clk
0:26:43]} Qc3 {[%clk 0:24:31]} 43. Qa3+ {[%clk 0:23:15]} Qc5 {[%clk 0:24:22]} 44.
Qxc5+ {[%clk 0:23:25]} Rxc5 {[%clk 0:24:46]} 45. Rg1 {[%clk 0:23:47]} Bxe6 {[%clk
0:19:45]} 46. Rxg7+ {[%clk 0:24:06]} Kf8 {[%clk 0:16:30]} 47. Rg6 {[%clk
0:23:05]} Rxc2 {[%clk 0:16:14]} 48. Rxe6 {[%clk 0:23:33]} Rh2 {[%clk 0:16:22]}
49. Rxh6 {[%clk 0:24:00]} Ke7 {[%clk 0:14:36]} 50. a4 {[%clk 0:23:51]} d4 {[%clk
0:13:28]} 51. a5 {[%clk 0:23:44]} Kd7 {[%clk 0:07:15]} 52. Kc1 {[%clk 0:23:03]}
d3 {[%clk 0:05:13]} 53. h5 {[%clk 0:22:45]} Kc7 {[%clk 0:02:06]} 54. b4 {[%clk
0:22:55]} Rc2+ {[%clk 0:01:24]} 55. Kd1 {[%clk 0:23:21]} Rb2 {[%clk 0:00:54]} 56.
Rb6 {[%clk 0:23:43]} Ra2 {[%clk 0:00:34]} 57. h6 {[%clk 0:23:55]} Rh2 {[%clk
0:00:56]} 58. b5 {[%clk 0:24:04]} Kc8 {[%clk 0:00:57]} 59. a6 {[%clk 0:24:18]}
Kc7 {[%clk 0:01:05]} 60. a7 {[%clk 0:23:49]} 1-0

[Event "Girls U20 Polish Youth Championship"]
[Site "Ustron"]
[Date "2019.11.28"]
[Round "7"]
[White "Mirowska, Oliwia"]
[Black "Malicka, Maria"]
[Result "1/2-1/2"]
[Board "5"]
[WhiteElo "1925"]
[WhiteCountry "POL"]
[WhiteFideId "21807574"]
[WhiteEloChange "5"]
[BlackElo "2104"]
[BlackTitle "WCM"]
[BlackCountry "POL"]
[BlackFideId "1197576"]
[BlackEloChange "-5"]

1. f4 {[%clk 1:30:46]} c5 {[%clk 1:30:52]} 2. Nf3 {[%clk 1:31:08]} Nc6 {[%clk
1:31:10]} 3. g3 {[%clk 1:31:11]} g6 {[%clk 1:31:26]} 4. Bg2 {[%clk 1:31:23]} Bg7
{[%clk 1:31:49]} 5. c3 {[%clk 1:31:16]} d5 {[%clk 1:26:39]} 6. O-O {[%clk
1:31:17]} e6 {[%clk 1:24:50]} 7. Re1 {[%clk 1:27:36]} Nge7 {[%clk 1:22:18]} 8. d3
{[%clk 1:27:22]} d4 {[%clk 1:19:44]} 9. e4 {[%clk 1:26:47]} dxe3 {[%clk 1:18:26]}
10. Bxe3 {[%clk 1:27:03]} b6 {[%clk 1:14:33]} 11. Na3 {[%clk 1:24:33]} O-O {[%clk
1:12:40]} 12. Qc2 {[%clk 1:23:52]} Bb7 {[%clk 1:12:34]} 13. Rad1 {[%clk 1:23:47]}
Rc8 {[%clk 1:11:24]} 14. Qb1 {[%clk 1:23:36]} Qc7 {[%clk 1:02:32]} 15. d4 {[%clk
1:13:54]} cxd4 {[%clk 0:56:11]} 16. Nb5 {[%clk 1:12:43]} Qb8 {[%clk 0:56:31]} 17.
Nfxd4 {[%clk 1:04:29]} Nxd4 {[%clk 0:53:58]} 18. Bxd4 {[%clk 1:00:47]} Bxg2
{[%clk 0:54:08]} 19. Bxg7 {[%clk 1:00:12]} Kxg7 {[%clk 0:53:42]} 20. Kxg2 {[%clk
1:00:30]} Rfd8 {[%clk 0:53:22]} 21. Nd4 {[%clk 0:59:32]} Qb7+ {[%clk 0:47:25]}
22. Qe4 {[%clk 0:57:27]} Qxe4+ {[%clk 0:46:33]} 23. Rxe4 {[%clk 0:57:48]} Rd5
{[%clk 0:44:34]} 24. Rde1 {[%clk 0:57:24]} Rcd8 {[%clk 0:41:26]} 25. R1e2 {[%clk
0:54:51]} b5 {[%clk 0:38:55]} 26. Nf3 {[%clk 0:50:18]} Nc6 {[%clk 0:34:51]} 27.
Kf2 {[%clk 0:49:04]} Kf6 {[%clk 0:33:35]} 28. Ne5 {[%clk 0:48:15]} Nxe5 {[%clk
0:33:21]} 29. Rxe5 {[%clk 0:48:32]} h5 {[%clk 0:30:54]} 30. Kf3 {[%clk 0:48:04]}
a6 {[%clk 0:30:27]} 1/2-1/2

[Event "Girls U20 Polish Youth Championship"]
[Site "Ustron"]
[Date "2019.11.28"]
[Round "7"]
[White "Pawicka, Magdalena"]
[Black "Szczotka, Klara"]
[Result "1-0"]
[Board "6"]
[WhiteElo "1745"]
[WhiteCountry "POL"]
[WhiteFideId "21836507"]
[WhiteEloChange "11"]
[BlackElo "1781"]
[BlackCountry "POL"]
[BlackFideId "21858845"]
[BlackEloChange "-11"]

1. e4 {[%clk 1:30:58]} c5 {[%clk 1:30:54]} 2. Nf3 {[%clk 1:31:24]} e6 {[%clk
1:31:19]} 3. g3 {[%clk 1:31:45]} a6 {[%clk 1:31:02]} 4. Bg2 {[%clk 1:31:34]} Qc7
{[%clk 1:30:53]} 5. O-O {[%clk 1:30:16]} d6 {[%clk 1:30:50]} 6. Qe2 {[%clk
1:25:25]} Nd7 {[%clk 1:28:53]} 7. c3 {[%clk 1:21:23]} b5 {[%clk 1:22:40]} 8. d4
{[%clk 1:19:42]} Bb7 {[%clk 1:20:09]} 9. a4 {[%clk 1:10:28]} bxa4 {[%clk
1:18:53]} 10. d5 {[%clk 1:06:39]} e5 {[%clk 1:16:00]} 11. c4 {[%clk 1:02:23]}
Ngf6 {[%clk 1:11:37]} 12. Nc3 {[%clk 0:59:40]} Be7 {[%clk 1:10:27]} 13. Nxa4
{[%clk 0:57:37]} O-O {[%clk 1:07:29]} 14. Nd2 {[%clk 0:55:29]} Nb6 {[%clk
0:57:37]} 15. Nb3 {[%clk 0:52:43]} Nxa4 {[%clk 0:55:13]} 16. Rxa4 {[%clk
0:53:01]} Rfb8 {[%clk 0:53:47]} 17. Na5 {[%clk 0:48:59]} Qd7 {[%clk 0:51:14]} 18.
Ra2 {[%clk 0:47:30]} Bd8 {[%clk 0:51:22]} 19. Bd2 {[%clk 0:46:55]} Bxa5 {[%clk
0:51:37]} 20. Bxa5 {[%clk 0:46:49]} Bc8 {[%clk 0:51:57]} 21. f4 {[%clk 0:38:22]}
exf4 {[%clk 0:46:16]} 22. gxf4 {[%clk 0:38:29]} Qe7 {[%clk 0:35:45]} 23. e5
{[%clk 0:33:43]} Bg4 {[%clk 0:33:57]} 24. Bf3 {[%clk 0:29:08]} Bxf3 {[%clk
0:34:19]} 25. Rxf3 {[%clk 0:29:09]} Ne8 {[%clk 0:32:32]} 26. Bc3 {[%clk 0:27:14]}
Rd8 {[%clk 0:26:26]} 27. Re3 {[%clk 0:24:16]} Qh4 {[%clk 0:23:40]} 28. Re4 {[%clk
0:21:43]} Qh6 {[%clk 0:21:52]} 29. Ra1 {[%clk 0:21:00]} f5 {[%clk 0:11:01]} 30.
exf6 {[%clk 0:17:39]} Nxf6 {[%clk 0:10:57]} 31. Re6 {[%clk 0:14:16]} Ra7 {[%clk
0:05:50]} 32. Bxf6 {[%clk 0:11:01]} gxf6 {[%clk 0:06:15]} 33. Kh1 {[%clk
0:07:52]} Kf7 {[%clk 0:04:37]} 34. Re1 {[%clk 0:07:19]} Rdd7 {[%clk 0:01:49]} 35.
Re8 {[%clk 0:06:10]} f5 {[%clk 0:01:14]} 36. Re6 {[%clk 0:00:48]} Qh4 {[%clk
0:00:54]} 37. Qd3 {[%clk 0:00:37]} Qh5 {[%clk 0:00:45]} 38. Qc3 {[%clk 0:00:38]}
Qh4 {[%clk 0:00:42]} 39. Rg1 {[%clk 0:00:56]} Qg4 {[%clk 0:00:35]} 40. Qf6+
{[%clk 0:31:09]} Kg8 {[%clk 0:31:03]} 41. Re8# {[%clk 0:31:32]} 1-0

[Event "Girls U20 Polish Youth Championship"]
[Site "Ustron"]
[Date "2019.11.28"]
[Round "7"]
[White "Hertlein, Irena"]
[Black "Siekanska, Maria"]
[Result "1-0"]
[Board "7"]
[WhiteElo "1771"]
[WhiteCountry "POL"]
[WhiteFideId "21817618"]
[WhiteEloChange "10"]
[BlackElo "1773"]
[BlackCountry "POL"]
[BlackFideId "21852650"]
[BlackEloChange "-10"]

1. e4 {[%clk 1:30:55]} c5 {[%clk 1:30:56]} 2. Nf3 {[%clk 1:31:12]} e6 {[%clk
1:31:20]} 3. d4 {[%clk 1:31:35]} cxd4 {[%clk 1:31:46]} 4. Nxd4 {[%clk 1:31:58]}
Nf6 {[%clk 1:32:10]} 5. Nc3 {[%clk 1:32:15]} d6 {[%clk 1:32:33]} 6. g4 {[%clk
1:31:56]} Nc6 {[%clk 1:32:55]} 7. g5 {[%clk 1:31:25]} Nd7 {[%clk 1:33:17]} 8. Be3
{[%clk 1:31:35]} Be7 {[%clk 1:33:37]} 9. Rg1 {[%clk 1:31:24]} O-O {[%clk
1:32:16]} 10. Qh5 {[%clk 1:29:59]} g6 {[%clk 1:31:47]} 11. Qh6 {[%clk 1:30:14]}
Nde5 {[%clk 1:29:43]} 12. Nxc6 {[%clk 1:26:31]} Nxc6 {[%clk 1:28:53]} 13. O-O-O
{[%clk 1:23:34]} f6 {[%clk 1:13:56]} 14. gxf6 {[%clk 1:18:00]} Bxf6 {[%clk
1:13:37]} 15. Be2 {[%clk 1:05:07]} Bg7 {[%clk 1:01:21]} 16. Qh3 {[%clk 1:03:46]}
Qa5 {[%clk 0:54:53]} 17. Qg3 {[%clk 0:41:22]} Be5 {[%clk 0:44:04]} 18. f4 {[%clk
0:34:07]} Bxc3 {[%clk 0:43:55]} 19. bxc3 {[%clk 0:34:33]} Qxc3 {[%clk 0:27:12]}
20. Rd3 {[%clk 0:34:23]} Qa5 {[%clk 0:23:08]} 21. a3 {[%clk 0:29:34]} Bd7 {[%clk
0:19:03]} 22. h4 {[%clk 0:22:11]} Rac8 {[%clk 0:17:28]} 23. h5 {[%clk 0:16:47]}
Be8 {[%clk 0:17:24]} 24. hxg6 {[%clk 0:15:49]} Bxg6 {[%clk 0:16:36]} 25. Qh3
{[%clk 0:15:24]} Nd8 {[%clk 0:13:10]} 26. Bh5 {[%clk 0:12:52]} Qc7 {[%clk
0:09:33]} 27. Rg2 {[%clk 0:11:12]} Rf6 {[%clk 0:09:14]} 28. f5 {[%clk 0:08:41]}
exf5 {[%clk 0:09:27]} 29. exf5 {[%clk 0:09:04]} Qd7 {[%clk 0:09:41]} 30. Bg4
{[%clk 0:03:07]} Qb5 {[%clk 0:05:47]} 31. fxg6 {[%clk 0:02:40]} Rf1+ {[%clk
0:04:21]} 32. Bd1 {[%clk 0:02:33]} 1-0